| LDR | | 00000nam c2200205 c 4500 |
| 001 | | 000000341891 |
| 005 | | 20260604084212 |
| 007 | | ta |
| 008 | | 260602s2022 ulk r 00a kor |
| 020 | |
▼a 9791168125025
▼g 03810 :
▼c \17500 |
| 040 | |
▼a 248032
▼c 248032
▼d 248032 |
| 041 | 1 |
▼a kor
▼h chi |
| 049 | 0 |
▼l EM112235 |
| 056 | |
▼a 186.3
▼2 4 |
| 090 | |
▼a 186.3
▼b 뤄78ㄴ |
| 245 | 20 |
▼a 나는 왜 매번 불행을 선택할까 :
▼b 어떤 상황에서도 포기하지 않고 행복을 향해 가는 길 /
▼d 뤄진웨 지음 ;
▼e 이효선 옮김 |
| 246 | 11 |
▼a 生活需要幸福力 |
| 250 | |
▼a 초판 |
| 260 | |
▼a 서울 :
▼b 위즈덤하우스,
▼c 2022 |
| 300 | |
▼a 327 p. ;
▼c 21 cm |
| 500 | |
▼a 원저자명: 罗近月 |
| 546 | |
▼a 중국어 원작을 한국어로 번역 |
| 653 | |
▼a 상담심리
▼a 상담
▼a 심리학 |
| 700 | 1 |
▼a 뤄진웨,
▼e 저 |
| 700 | 1 |
▼a 이효선,
▼e 옮김 |
| 900 | 11 |
▼a 라근월 |
| 900 | 11 |
▼a 나근월 |
| 950 | 0 |
▼b \17500 |
| 990 | |
▼a 관리자2
▼b 관리자2 |